LEADER 01301nam a2200277 i 4500 001 000000164054 003 CaOOAMICUS 005 20091201000000.0 008 091201s1981 it u000 u ita u 013 $a141421 040 $aSeMil$bita 100 1 $aBaracco, Lino.$0(OLS)http://semarc/name/28234 245 10$aAnziani attivi :$bprincipi, indicazioni pratiche, esperienze per una autentica pastorale degli anziani /$cLino Baracco ; presentazione del card. Anastasio Ballestrero. 260 $aLeumann (TO) :$bElle Di Ci,$c1981. 300 $a118 p. ;$c19 cm. 490 0 $aPiccole guide pastorali ;$v12 500 $aFondo Card. Giovanni Colombo. 650 4$aAnziani - Pastorale.$0(OLS)http://semarc/subject/31020 700 1 $aBallestrero, Anastasio Alberto$b.$0(OLS)http://semarc/name/980 830 0$aPiccole guide pastorali ;$v12.$0(OLS)http://semarc/title/6665 850 $aSeMil 852 $aSeMil$W1$xVenegono$y1$m2F I 421$j115348$B115348$CSeMilBibl$Z2$F126357 $81 941 1 $a3 961 $aLascito: Colombo Card. Giovanni 996 $6245$aAnziani attivi :$bprincipi, indicazioni pratiche, esperienze per una autentica pastorale degli anziani$9(OLS)http://semarc/title/234035 996 $6260$aLeumann (TO) :$bElle Di Ci$9(OLS)http://semarc/publisher/29654 LEADER 01048nam a2200265 i 4500 001 000000048760 003 CaOOAMICUS 005 19960610000000.0 008 960610s1996 it u000 u ita u 013 $a19930 020 $a88-10-80229-2 040 $aSeMil$bita 245 10$aDialoghi locali :$b1988-1994 /$ca cura di Giovanni Cereti, James Puglisi F. 300 $aXXIII, 1435, 86 p. 490 0 $aStrumenti 650 4$aEcumenismo - Sec. 20. - Testi.$0(OLS)http://semarc/subject/217 700 1 $aPuglisi, James F.$0(OLS)http://semarc/name/21772 700 1 $aCereti, Giovanni,$d<1933- >.$0(OLS)http://semarc/name/17036 773 0 $tEnchiridion Oecumenicum.$dBologna : EDB, 1986.$g4$w()785 830 0$aStrumenti.$0(OLS)http://semarc/title/6054 850 $aSeMil 852 $aSeMil$W1$xVenegono$y1$mSL1.X IV 34$j14915$B14915$CSeMilBibl$Z2$F14915 $8I 961 $aAcquisto: Distributore 996 $6020$a88-10-80229-2$9(OLS)http://semarc/number/21981 996 $6245$aDialoghi locali :$b1988-1994$9(OLS)http://semarc/title/73829